| 000 | 01458nam a22003735a 4500 | ||
|---|---|---|---|
| 003 | EG-ScBUE | ||
| 005 | 20220516143036.0 | ||
| 008 | 140508t2007 maua f b 001 0 eng d | ||
| 020 | _a9781413017502 | ||
| 020 | _a1413017509 | ||
| 040 |
_aEG-ScBUE _beng _erda _cEG-ScBUE _dEG-ScBUE |
||
| 082 | 0 | 4 |
_a425 _bKOR _222 |
| 100 | 1 |
_aKorey O’Sullivan, Jill, _eauthor. _914466 |
|
| 245 | 1 | 0 |
_aGrammar connection 1 : _bstructure through content / _cJill Korey O'Sullivan ; series editors Marianne Celce-Murcia, M. E. Sokolik. |
| 250 | _aInternational student edition. | ||
| 264 | 1 |
_aBoston : _bThomson Heinle, _c[2007] |
|
| 264 | 4 | _cc2007 | |
| 300 |
_axv, 244 pages : _bcolor illustrations ; _c28 cm. |
||
| 336 |
_2rdacontent _atext _btxt |
||
| 337 |
_2rdamedia _aunmediated _bn |
||
| 338 |
_2rdacarrier _avolume _bnc |
||
| 490 | 0 | _aGrammar connection series | |
| 500 | _aIncludes appendix. | ||
| 504 | _aIncludes bibliographical references and index. | ||
| 650 | 7 |
_aEnglish language _xGrammar _vProblems, exercises, etc. _2BUEsh _913890 |
|
| 650 | 7 |
_aEnglish language _xSpoken English _vProblems, exercises, etc. _2BUEsh _910347 |
|
| 650 | 7 |
_aEnglish language _xBusiness English _vProblems, exercises, etc. _2BUEsh _923274 |
|
| 651 | _2BUEsh | ||
| 653 |
_bHHUUEENN _cDecember2016 |
||
| 655 |
_vReading book _934232 |
||
| 700 | 1 |
_aCelce-Murcia, Marianne _eeditor. _935974 |
|
| 700 | 1 |
_aSokolik, M. E. _q(Margaret E.) _eeditor. _935975 |
|
| 942 |
_2ddc _k425 KOR _cBB |
||
| 999 |
_c23773 _d23745 |
||